000 00512nam a22001937a 4500
003 KOHA_MİRAKIL
005 20250424154930.0
008 250424b tu ||||| |||| 00| 0 tur d
020 _a9789759952730
040 _aTR-AnABB
_btur
_cTR-AnABB
041 _atur
082 _a150
_bTOP 2012
100 1 _aTopçu, Nurettin,
245 1 0 _aPsikoloji /
_cNurettin Topçu
260 _aİstanbul :
_bDergah Yayınları,
_c2012
300 _a224 sayfa ;
_c21 cm
650 0 0 _aPsikoloji
942 _2ddc
_cBK
999 _c8830
_d8830
900 _bGizem YORULMAZ